Statistics for All Time Champions League Table

Click here to take the quiz!

General Stats

  • This quiz has been taken 31 times
  • The average score is 52 of 99

Answer Stats

ClubCountryPWDLGDPTS% Correct
ArsenalEngland187884257+87306
100%
BarcelonaSpain3311907665+313646
100%
Bayern MunichGermany3762247577+419747
100%
Manchester UnitedEngland2831526878+227524
100%
Real MadridSpain47428381110+522930
100%
AC MilanItaly2591256767+174440
96%
AjaxNetherlands2151005065+105350
96%
Atlético MadridSpain156734241+68261
96%
CelticScotland150602763+4207
96%
ChelseaEngland1971015244+153355
96%
GalatasarayTurkey155423974-94165
96%
JuventusItaly2971516878+171521
96%
LiverpoolEngland2301284854+214432
96%
Manchester CityEngland117642429+108216
96%
Paris Saint-GermainFrance139742738+111249
96%
AS RomaItaly109412642-109149
92%
FC PortoPortugal2571155884+79403
92%
Inter MilanItaly195935052+74329
92%
Olimpique LyonFrance136583642+49210
92%
SL BenficaPortugal2601156085+118405
92%
Borussia DortmundEngland164763355+67261
88%
Aston VillaEngland15933+1430
84%
MarseilleFrance110431849+21147
84%
RangersScotland131433157-44160
84%
LazioItaly52191518+1172
80%
NapoliItaly58271516+3196
80%
PSV EindhovenNetherlands163563968-7207
80%
Sporting CPPortugal92281549-4099
80%
FeyenoordNetherlands79302227+29112
76%
OlympiacosGreece156472881-89169
76%
ValenciaSpain116483434+44178
76%
SevillaSpain66271821+399
72%
LilleFrance4691522-1942
68%
Nottingham ForestEngland201244+1840
68%
RSC AnderlechtBelgium163533575-64194
68%
BesiktasTurkey70171340-7764
64%
CSKA MoscowRussia86232043-4389
64%
MalmoSweden53141128-5753
64%
MonacoFrance98352142+7126
64%
Spartak MoscowRussia104342347-23125
64%
BordeauxFrance50211613+079
60%
Club BruggeBelgium97312244-29115
60%
Crvena ZvezdaSerbia98481436+45158
60%
FiorentinaItaly3918129+866
60%
SchalkeGermany73291727-6104
60%
Zenit St. PetersburgRussia64211429-1577
60%
Athletic BilbaoSpain24879+031
56%
Dynamo DresdenGermany3012612+442
56%
Leeds UnitedEngland3820612+3366
56%
Sparta PragueCzech Republic102332445-24123
52%
AtalantaItaly23869-330
48%
Bayer LeverkusenGermany107372545-27136
48%
IFK GoteborgSweden70301030+7100
48%
PanathinaikosGreece127363754-39145
48%
AEK AthensGreece5691928-4246
44%
Dinamo KievUkraine186654180-22236
44%
FenerbahceTurkey73201043-6870
44%
NantesFrance40121414-250
44%
Werder BremenGermany60231423-383
44%
Borussia MonchengladbachGermany51191616+3073
40%
Deportivo La CorunaSpain58231520-584
40%
Saint-ÉtienneFrance3919614+863
40%
VillarrealSpain40111514-748
40%
WolfsburgGermany221039+033
40%
Partizan BelgradeSerbia4513725-1346
36%
RosenborgNorway90212148-6384
36%
CSKA SofiaBulgaria86341537-7117
28%
Dinamo ZagrebCroatia548937-7333
28%
GrasshopperSwitzerland389821-1235
28%
Hajduk SplitCroatia261457+1847
28%
HamburgerGermany3918615+1460
28%
Legia WarsawPoland3214513-847
28%
Rapid WienAustria6124532-577
28%
Shaktar DonetskUkraine112362650-45134
28%
StuttgartGermany278712-931
28%
Austria WienAustria63221328-979
24%
FCSBRomania87252240-2497
24%
FC ZurichSwitzerland3312318-2239
24%
FerencvarosHungary3210616-1936
24%
Lokomotiv MoscowRussia449827-2935
24%
TrabzonsporTurkey20758-926
24%
Standard LiegeBelgium4624517+2377
20%
Red Bull SalzburgAustria3881014-1434
16%
Tottenham HotspursEngland61271321+2394
16%
Young BoysSwitzerland299812-1635
16%
UjpestHungary4017815+259
8%
Dinamo BucurestRomania5421924-172
4%
FC KolnGermany17782+829
4%
LinfieldNorthern Ireland4051123-3926
4%
Omonia NicosiaCyprus3611223-4335
4%
Stade ReimsFrance241437+3345
4%
Budapest HonvédHungary2610313-1633
0%
Budapesti VasasHungary271269+2842
0%
FC DynamoGermany3614715+049
0%
Górnik ZabrzePoland4320617+466
0%
KobenhavnDenmark3691017-2437
0%
Red Bull LeipzigGermany3818515-459
0%
Spartak TrnavaSlovakia241374+2446
0%
Viagem PribramCzech Republic45221013+1776
0%

Score Distribution

Percentile by Number Answered

Percent of People with Each Score

Your Score History

You have not taken this quiz